000 00707cam a22002411 4500
001 sa 68010764
003 DLC
005 20260227112555.0
008 891207s1968 ii b 000 0 hino
010 _asa 68010764
035 _a(OCoLC)20745369
040 _aDLC
_cWaU
_dDLC
042 _apremarc
050 0 0 _aPK2098.T7
_bZ49
100 1 _aNalin, Jayanatha,
_d1912-
245 0 0 _aNirālā-kāvya-kośa.
260 _c[1968]
300 _aiii, 190, 181-290, [6] p.
_c22 cm.
500 _aIn Hindi.
500 _aBibliography printed on alternate pages (total: 3 p.)
504 _aBibliography: p. [291]-[296] (last group)
600 1 0 _aTipathi, Surya Kant,
_d1896-1961
_xLanguage
_xGlossaries, etc.
999 _c83523
_d83523